| 000 | 00516nam a22001097a 4500 | ||
|---|---|---|---|
| 008 | 190712b xxu||||| |||| 00| 0 eng d | ||
| 010 | _aSCCA F:23 | ||
| 245 | _aSUPREME COURT CRIMINAL APPEAL NO. 7OF 1999 NUA OBADIA VS UGANDA | ||
| 260 |
_aSUPREME COURT MENGO _c1999 |
||
| 500 | _aCORAM: ODER, TSEKOOKO, KAROKORA, KANYEIHAMBA, MUKASA-KIKONYOGO,J.J.S.C. | ||
| 500 | _a(APPEAL FROM JUDGEMENT OF COURT OF APPEAL AT KAMPALA(MR. JUSTICE MANYINDO, DCJ, TWINOMUJUNI, KITUMBA, J.J.A) DATED 11/2/99 IN CRIMINAL APPEAL NO. 22OF 1997) | ||
| 999 |
_c8689 _d8689 |
||